LEADER 01120nam--2200361---450- 001 990003167230203316 005 20081029133845.0 010 $a978-88-348-8583-3 035 $a000316723 035 $aUSA01000316723 035 $a(ALEPH)000316723USA01 035 $a000316723 100 $a20081029d2008----km-y0itay50------ba 101 $aita 102 $aIT 105 $a||||||||001yy 200 1 $aAndamenti dei mercati borsistici e comportamenti umani$fRoberto Araldi 210 $aTorino$cG. Giappichelli$d2008 215 $aVIII, 157 p.$d24 cm 606 0 $aComportamento economico$xTeorie$2BNCF 676 $a330.019 700 1$aARALDI,$bRoberto$0106828 801 0$aIT$bsalbc$gISBD 912 $a990003167230203316 951 $a330.019 ARA 1$b17051 E.C.$c330.019$d00168425 959 $aBK 969 $aGIU 979 $aCHIARA$b90$c20081029$lUSA01$h1221 979 $aCHIARA$b90$c20081029$lUSA01$h1221 979 $aCHIARA$b90$c20081029$lUSA01$h1242 979 $aCHIARA$b90$c20081029$lUSA01$h1338 996 $aAndamenti dei mercati borsistici e comportamenti umani$91014411 997 $aUNISA LEADER 01163nam0 2200277 i 450 001 VAN0063852 005 20080411120000.0 100 $a20080411d1970 |0itac50 ba 101 $aita 102 $aIT 105 $a|||| ||||| 200 1 $aCapolavori del Rinascimento tedesco$fTeresa Gerszi 210 $aMilano$cFratelli Fabbri$dcopyr. 1970 215 $a96 p.$cill.$d31 cm. 410 1$1001VAN0039147$12001 $aˆI ‰disegni dei maestri$1210 $aMilano$cFabbri.$v7 606 $aDisegni tedeschi$xSec. 15.-16.$3VANC024821$2FI 620 $dMilano$3VANL000284 676 $a741.943$v21 700 1$aGerszi$bTeresa$3VANV050785$0400777 712 $aFabbri, Fabrizio$3VANV108057$4650 801 $aIT$bSOL$c20230616$gRICA 912 $aVAN0063852 950 $aBIBLIOTECA DEL DIPARTIMENTO DI LETTERE E BENI CULTURALI$d07CONS Ne 806 $e07 15242 20110609 950 $aBIBLIOTECA DEL DIPARTIMENTO DI LETTERE E BENI CULTURALI$d07CONS Ne 2373 VII $e07 71234 20080411 996 $aCapolavori del Rinascimento tedesco$9267535 997 $aUNICAMPANIA